00694cam a22002051 450000100060000000300080000600500170001400800390003103500190007003500190008904000340010804100080014208200200015010000300017024500750020026001110027530000260038649000300041271000460044231442BD-RjUL20211209051713.0140415s1966 enk 000 0 eng a(BD-RjUL)31530 a(OCoLC)1879631 aDLCcFMUdOCoLCdUkdDLCbeng aeng a262.5bBUV 19661 aBull, George,d1929-2001.10aVatican politics at the Second Vatican Council, 1962-5 /cGeorge Bull. aLondon :bIssued under the auspices of the Royal Institute of International Affairs by Oxford U.P.,c1966. avii, 157 p. ;c19 cm.0 aChatham House essays,v112 aRoyal Institute of International Affairs.